000
00276nam a2200121Ia 4500
008
191201s2007 xx 000 0 und d
100
_a
KHANKA,SS
245
0
_a
Human Resource Management
260
_a
N. Delhi
_b
S Chand
_c
2007
300
_a
449
650
_a
MBA
942
_2
ddc
_c
BK
999
_c
209
_d
209